Normal view
MARC view
Entry Personal Name
001 - CONTROL NUMBER
- control field: 124
003 - CONTROL NUMBER IDENTIFIER
- control field: OSt
005 - DATE AND TIME OF LATEST TRANSACTION
- control field: 20110406141841.0
008 - FIXED-LENGTH DATA ELEMENTS
- fixed length control field: 110406|||a|||||| | ||| d
040 ## - CATALOGING SOURCE
- Original cataloging agency: OSt
- Transcribing agency: OSt
100 ## - HEADING--PERSONAL NAME
- Personal name: RAJEEV DHAVAN, NEIL KIBBLE, WILLIAM TWINING
- Numeration: 3
670 ## - SOURCE DATA FOUND
- Source citation: Work cat.: (OSt): RAJEEV DHAVAN, NEIL KIBBLE, WILLIAM TWINING 3, ACCESS TO LEGAL EDUCATION AND THE LEGAL PROFESSION, 1989
